Vista normal
Vista MARC
Entrada Topical Term
Número de registros utilizados en: 1
001 - CONTROL NUMBER
- control field: 35421
003 - CONTROL NUMBER IDENTIFIER
- control field: OSt
005 - DATE AND TIME OF LATEST TRANSACTION
- control field: 20230915231943.0
008 - FIXED-LENGTH DATA ELEMENTS
- fixed length control field: 230915|| aca||aabn | a|a d
040 ## - CATALOGING SOURCE
- Original cataloging agency: OSt
- Transcribing agency: OSt
150 ## - HEADING--TOPICAL TERM
- Topical term or geographic name entry element: Patologia general; Enfermedades genéticas; Enfermedades transmisibles; Enfermedades vasculares; Enfermedades del recien nacido; Corazon; Pulmones; Aparato gastrointestinal; Pancreas; Riñones; Aparato urinario; Mamas; Aparato genital femenino; Piel; Sistema nervioso; Ojos; Sistema nervioso central; Sistema endocrino
670 ## - SOURCE DATA FOUND
- Source citation: Work cat.: (OSt)32259: Kumar, Vinay 35420, Robbins y Cotran : , 2010